[Event "28th WJun Girls"]
[Site "Chotowa POL"]
[Date "2010.08.03"]
[Round "1"]
[White "Pratyusha,B"]
[Black "Guramishvili,S"]
[Result "1/2-1/2"]
[WhiteElo "2073"]
[BlackElo "2298"]
[EventDate "2010.08.03"]

1. e4 c5 2. Nc3 a6 3. f4 b5 4. Nf3 Bb7 5. d3 e6 6. g3 Nf6 7. Bg2 b4 8. Ne2
d5 9. e5 Nfd7 10. d4 Nc6 11. O-O cxd4 12. Nexd4 Bc5 13. Kh1 O-O 14. Be3 Rc8
15. Qe2 Qb6 16. Rad1 a5 17. Rfe1 Ba6 18. Qf2 a4 19. Bh3 Nxd4 20. Nxd4 Bxd4
21. Bxd4 Qc6 22. f5 Bb7 23. c3 bxc3 24. bxc3 exf5 25. Bxf5 Rce8 26. Kg1 Re7
27. Qf4 Rfe8 28. Rb1 Nc5 29. Qh4 g6 30. e6 Nxe6 31. Bxe6 Rxe6 32. Rxe6 fxe6
33. Qf6 e5 34. Bxe5 Qxf6 35. Bxf6 Ba6 36. Rb2 a3 37. Rd2 Re1+ 38. Kg2 Rb1
39. Rf2 Bd3 40. Be7 Be4+ 41. Kh3 Rb2 42. Bc5 Bb1 43. Kg2 Be4+ 44. Kg1 Rb1+
45. Rf1 Rb2 46. Rf2 Rb1+ 47. Rf1 Rb2 48. Rf2 1/2-1/2

[Event "28th WJun Girls"]
[Site "Chotowa POL"]
[Date "2010.08.06"]
[Round "4"]
[White "Khanamiryan,A"]
[Black "Saduakassova,D"]
[Result "1-0"]
[WhiteElo "2014"]
[BlackElo "2131"]
[EventDate "2010.08.03"]

1. f4 g6 2. Nf3 Bg7 3. e4 d6 4. d4 c5 5. c3 Qa5 6. Na3 cxd4 7. Nc4 Qc7 8.
cxd4 Nf6 9. e5 Nd5 10. Qb3 dxe5 11. Ncxe5 e6 12. Bb5+ Nd7 13. Bd2 Qd8 14.
Rc1 Bxe5 15. Nxe5 N5b6 16. O-O a6 17. Bxd7+ Nxd7 18. Bb4 Nb6 19. Bc5 Nd5
20. Nc4 Qd7 21. Nd6+ Kd8 22. f5 gxf5 23. Rxf5 Rf8 24. Rxd5 exd5 25. Qxd5
Kc7 26. Ba7+ Qc6 27. Rxc6+ bxc6 28. Qc5 Be6 29. Bb6+ Kd7 30. Ne4 Rh8 1-0

[Event "28th WJun Girls"]
[Site "Chotowa POL"]
[Date "2010.08.12"]
[Round "9"]
[White "Rysbayeva,A"]
[Black "Pratyusha,B"]
[Result "1/2-1/2"]
[WhiteElo "2209"]
[BlackElo "2073"]
[EventDate "2010.08.03"]

1. e4 e5 2. Nf3 Nc6 3. Bb5 a6 4. Ba4 Nf6 5. O-O Be7 6. Re1 b5 7. Bb3 d6 8.
c3 O-O 9. d4 Bg4 10. d5 Na5 11. Bc2 c6 12. h3 Bc8 13. dxc6 Qc7 14. Nbd2
Qxc6 15. Nf1 Nc4 16. Ng3 Re8 17. Qe2 Be6 18. a4 Reb8 19. Ng5 Bd7 20. Bd3
Na5 21. axb5 axb5 22. Nf5 Bf8 23. Nf3 h6 24. Nd2 Nb7 25. Rxa8 Rxa8 26. Qf3
Nc5 27. Bc2 Bxf5 28. Qxf5 Qc8 29. Qxc8 Rxc8 30. Nb1 b4 31. cxb4 Na6 32. Nc3
Nxb4 33. Bb1 Ra8 34. Bd2 Nd7 35. Nb5 Nc6 36. Bc3 Nc5 37. Bc2 Rb8 38. Nc7
Nd4 39. Bb1 Na4 40. Na6 Rb6 41. Nb4 Nxb2 42. Nd5 Rb8 43. Ba2 Nd3 44. Re3
Nc1 45. Bc4 Rc8 46. Ba6 Ra8 47. Bc4 1/2-1/2

[Event "28th WJun Girls"]
[Site "Chotowa POL"]
[Date "2010.08.16"]
[Round "13"]
[White "Muzychuk,A"]
[Black "Pavlidou,E"]
[Result "1-0"]
[WhiteElo "2527"]
[BlackElo "2182"]
[EventDate "2010.08.03"]

1. e4 c5 2. Nf3 e6 3. c3 d5 4. exd5 Qxd5 5. d4 Nf6 6. Na3 Qd8 7. Nc2 cxd4
8. Ncxd4 Be7 9. Bd3 h6 10. O-O O-O 11. Qe2 a6 12. Bf4 Bd7 13. Rad1 Qc8 14.
Ne5 Ba4 15. b3 Be8 16. Ng4 Nxg4 17. Qxg4 f5 18. Qe2 Rf6 19. Nxf5 Bf8 20.
Nd6 Bxd6 21. Bxd6 Nc6 22. Rfe1 Bf7 23. Be5 Nxe5 24. Qxe5 Qc6 25. Be4 Qb6
26. Qd4 Qc7 27. c4 Rf8 28. Rd2 Qa5 29. Bxb7 Bh5 30. f3 Qg5 31. Re5 Qg6 32.
Be4 Rxf3 33. Bxf3 Bxf3 34. Re1 Qg5 35. Rf2 Rf4 36. Qd2 Qg4 37. h3 Qg3 38.
Re3 1-0

[Event "28th WJun Girls"]
[Site "Chotowa POL"]
[Date "2010.08.16"]
[Round "13"]
[White "Girya,O"]
[Black "Andrenko,I"]
[Result "1/2-1/2"]
[WhiteElo "2376"]
[BlackElo "2133"]
[EventDate "2010.08.03"]

1. d4 g6 2. Nf3 Bg7 3. c4 d6 4. Nc3 Nf6 5. h3 O-O 6. Bf4 Nfd7 7. e3 e5 8.
Bh2 Nc6 9. Be2 Re8 10. O-O b6 11. Rc1 Bb7 12. a3 a5 13. Re1 Bh6 14. d5 Ne7
15. b4 axb4 16. axb4 f5 17. Nb5 Ba6 18. c5 bxc5 19. bxc5 Bxb5 20. Bxb5 Rf8
21. cxd6 cxd6 22. Ra1 Rxa1 23. Qxa1 Nf6 24. Rd1 Qb6 25. Bc4 f4 26. exf4 Ne4
27. Rf1 Bxf4 28. Qb1 Qxb1 29. Rxb1 Bxh2+ 30. Kxh2 Rc8 31. Ba6 Ra8 32. Bc4
Rc8 33. Ba6 Ra8 34. Rb6 Kf8 35. Bc4 Rc8 36. Bb3 h6 37. g4 g5 38. h4 Rc3 39.
Rb8+ Kg7 40. Kg2 Nc5 41. Ba2 Ng6 42. Ne1 Nf4+ 43. Kh2 Rh3+ 44. Kg1 Rxh4 45.
f3 h5 46. gxh5 Rxh5 47. Bb1 Nxd5 48. Rd8 Rh6 49. Ba2 Nc3 50. Bc4 Rg6 51.
Ng2 e4 52. fxe4 N3xe4 53. Ne3 Rf6 54. Rg8+ Kh7 55. Re8 Rf4 56. Re7+ Kg6 57.
Bg8 Nf6 58. Bf7+ Kh6 59. Ra7 g4 60. Kg2 Kg5 61. Ba2 Ra4 62. Rxa4 Nxa4 63.
Nc4 d5 64. Ne5 d4 65. Be6 Kf4 66. Nd3+ Ke3 67. Ne5 Nc5 68. Nxg4+ Nxg4 69.
Bxg4 Ne4 70. Kf1 d3 71. Bd1 Nc3 72. Bh5 d2 73. Bg4 Nb5 74. Be2 Nd4 75. Bd1
Nf3 76. Kg2 Ne1+ 77. Kf1 Nd3 78. Be2 Nf2 79. Bh5 Ne4 80. Bd1 Ng3+ 81. Kg2
Ne2 82. Kf1 Nd4 83. Kg2 Nb5 84. Kf1 Kd3 85. Kf2 Nc3 86. Bf3 Kc2 87. Bh5
Ne4+ 88. Ke3 Ng3 89. Bg4 Kc1 90. Kd3 Nf5 91. Bh5 Nd6 92. Bg4 Nb7 93. Bh5
Nc5+ 94. Kc3 Na4+ 95. Kb3 Nb2 96. Kc3 Nd1+ 97. Kb3 Ne3 98. Kc3 Nd5+ 99. Kb3
Kb1 100. Bg6+ Kc1 101. Bh5 Ne3 102. Bf3 Ng2 103. Bh5 Nf4 104. Bg4 Nh3 105.
Bh5 Nf2 106. Bf3 d1=B+ 107. Bxd1 Nxd1 1/2-1/2

[Event "28th WJun Girls"]
[Site "Chotowa POL"]
[Date "2010.08.16"]
[Round "13"]
[White "Cori T.,D"]
[Black "Padmini,R"]
[Result "1/2-1/2"]
[WhiteElo "2403"]
[BlackElo "2275"]
[EventDate "2010.08.03"]

1. d4 Nf6 2. c4 g6 3. Nf3 Bg7 4. g3 O-O 5. Bg2 c6 6. O-O d5 7. cxd5 cxd5 8.
Nc3 e6 9. Bf4 Nc6 10. Rc1 Nh5 11. Bg5 f6 12. Be3 f5 13. Bg5 Bf6 14. h4 Bd7
15. Qd2 Rc8 16. Rfd1 Qe7 17. a3 Bxg5 18. hxg5 Ng7 19. b4 b6 20. Ne5 Kh8 21.
f4 Ne8 22. Qe3 Nxe5 23. Qxe5+ Qg7 24. e3 Kg8 25. Bf1 Rf7 26. a4 Qf8 27. Bb5
Qd6 28. Kf2 Rd8 29. Rc2 Qe7 30. Bxd7 Qxd7 31. Rdc1 Nd6 32. Nb5 Nc4 33. Rxc4
dxc4 34. Rxc4 Rc8 35. Nd6 Rxc4 36. Nxc4 Qc6 37. Nd6 Qc2+ 38. Kf3 Qd1+ 39.
Kf2 Qd2+ 40. Kf3 Qd1+ 41. Kf2 1/2-1/2

[Event "28th WJun Girls"]
[Site "Chotowa POL"]
[Date "2010.08.16"]
[Round "13"]
[White "Muminova,N"]
[Black "Guramishvili,S"]
[Result "1/2-1/2"]
[WhiteElo "2290"]
[BlackElo "2298"]
[EventDate "2010.08.03"]

1. e4 c5 2. Nf3 Nf6 3. e5 Nd5 4. Nc3 Nxc3 5. bxc3 e6 6. Be2 d6 7. O-O Be7
8. d4 O-O 9. Bd3 Nc6 10. Qe2 d5 11. dxc5 f5 12. Be3 Rf7 13. Rad1 g5 14. h3
Rg7 15. c4 d4 16. Bd2 Bxc5 17. c3 dxc3 18. Bxc3 Qe8 19. g4 Ne7 20. Bd4 b6
21. Bxc5 bxc5 22. Qe3 Bb7 23. Be2 h6 24. Rd6 Ng6 25. Rfd1 Nf4 26. Bf1 fxg4
27. hxg4 h5 28. Nh2 Rc8 29. gxh5 Qxh5 30. Rd8+ Kh7 31. R8d7 Rc7 32. Rd8 Kg6
33. R1d6 Rce7 34. Qg3 Kf7 35. f3 Rh7 36. Rb8 Ng6 37. Rdd8 Qh4 38. Qxh4 Rxh4
39. Bd3 Nxe5 40. Rf8+ Kg7 41. Rg8+ Kf6 42. Rgf8+ Kg7 43. Rg8+ Kf6 44. Rgf8+
Kg7 45. Rg8+ Kf6 46. Rgf8+ Kg7 47. Rg8+ Kf6 48. Rgf8+ 1/2-1/2

[Event "28th WJun Girls"]
[Site "Chotowa POL"]
[Date "2010.08.16"]
[Round "13"]
[White "Melekhina,A"]
[Black "Mammadova,G"]
[Result "1/2-1/2"]
[WhiteElo "2265"]
[BlackElo "2260"]
[EventDate "2010.08.03"]

1. e4 g6 2. d4 Bg7 3. Nc3 d6 4. Nge2 Nf6 5. g3 O-O 6. Bg2 e5 7. h3 exd4 8.
Nxd4 Re8 9. O-O Nbd7 10. Re1 Nc5 11. Nb3 Nxb3 12. axb3 a6 13. Be3 Rb8 14.
Qd2 Bd7 15. Bg5 Qc8 16. Kh2 Bc6 17. Bf3 Nd7 18. Bg4 f6 19. Be3 Qd8 20. Bd4
Nc5 21. Bxc5 dxc5 22. Qf4 Qd6 23. Qxd6 cxd6 24. Be2 Kh8 25. Bc4 Bd7 26.
Rad1 Bf8 27. Nd5 Kg7 28. Nb6 Red8 29. Rd2 Bc6 30. Bd5 Bb5 31. Red1 Re8 32.
f3 Be7 33. Bc4 Bc6 34. Be2 f5 35. exf5 gxf5 36. f4 Bd8 37. Nc4 d5 38. Ne5
Bf6 39. Nxc6 bxc6 40. Bxa6 c4 41. bxc4 Rb6 42. cxd5 Rxa6 43. dxc6 Rxc6 44.
c3 Rc4 45. Kg2 Rce4 46. Rd7+ Kg6 47. R1d2 h5 48. R7d6 Kf7 49. Rd7+ Kg6 50.
R7d6 Kf7 51. Rd7+ Kg6 52. R7d6 1/2-1/2

[Event "28th WJun Girls"]
[Site "Chotowa POL"]
[Date "2010.08.16"]
[Round "13"]
[White "Corke,A"]
[Black "Kulon,K"]
[Result "1-0"]
[WhiteElo "2257"]
[BlackElo "2230"]
[EventDate "2010.08.03"]

1. d4 d5 2. c4 e6 3. Nc3 c6 4. e3 Bd6 5. Bd2 f5 6. g4 fxg4 7. Qxg4 Qc7 8.
Qg2 Nf6 9. Nf3 b6 10. Rg1 g6 11. Bd3 Nbd7 12. Qh3 Nf8 13. Qh6 Rg8 14. e4
dxe4 15. Bxe4 Bb7 16. Qh4 N8d7 17. Ng5 Be7 18. Nxe6 Qd6 19. Qh3 Nf8 20.
Nxf8 Rxf8 21. O-O-O Qd7 22. Qxd7+ Kxd7 23. Bg2 Bd6 24. Bg5 Nh5 25. Ne4 Bxh2
26. Rh1 Bf4+ 27. Bxf4 Rxf4 28. Bh3+ Kc7 29. Ng5 Bc8 30. Bxc8 Kxc8 31. Rhe1
Kd7 32. Ne6 Rxf2 33. d5 c5 34. Re3 Nf4 35. Re4 Ng2 36. Rd2 Rf1+ 37. Kc2 Re1
38. Rde2 Rxe2+ 39. Rxe2 Nh4 40. Rh2 Nf3 41. Rxh7+ Kd6 42. Kc3 Rg8 43. Rf7
Ne5 44. Rxa7 Nd7 45. b4 cxb4+ 46. Kxb4 g5 47. Nd4 Rf8 48. Nb5+ Ke7 49. Ra3
g4 50. Re3+ Kf6 51. Nd4 Rg8 52. Re6+ Kf7 53. Nf5 Rg5 54. Nd6+ Kg8 55. Ne4
Rg7 56. Ng3 Kf8 57. Kb5 Rf7 58. Kc6 Nc5 59. Rg6 Nd3 60. Kxb6 Ne5 61. Re6
Nxc4+ 62. Kc5 Na5 63. Re4 Nb7+ 64. Kc6 Nd8+ 65. Kb6 Rb7+ 66. Kc5 Rc7+ 67.
Kd6 Ra7 68. a4 Nf7+ 69. Kc5 Ra5+ 70. Kc6 Ra8 71. Rxg4 Rc8+ 72. Kb6 Rb8+ 73.
Kc7 Rb3 74. Nf5 Rc3+ 75. Kb6 Rf3 76. Nd4 Rd3 77. a5 Ke7 78. a6 Nd6 79. Nc6+
Kf6 80. Rf4+ Kg5 81. Rf8 Rxd5 82. a7 Nc4+ 83. Kc7 1-0

[Event "28th WJun Girls"]
[Site "Chotowa POL"]
[Date "2010.08.16"]
[Round "13"]
[White "Nakhbayeva,G"]
[Black "Skinke,K"]
[Result "1-0"]
[WhiteElo "2216"]
[BlackElo "2237"]
[EventDate "2010.08.03"]

1. d4 d5 2. c4 c6 3. Nf3 Nf6 4. e3 e6 5. Bd3 dxc4 6. Bxc4 b5 7. Bd3 Bb7 8.
O-O Be7 9. e4 Nbd7 10. Nc3 a6 11. e5 Nd5 12. Ne4 h6 13. Bd2 c5 14. dxc5
Nxc5 15. Nxc5 Bxc5 16. Qe2 Qb6 17. a4 b4 18. a5 Qc7 19. Rfc1 Qe7 20. Qe4
Rd8 21. Qg4 Kf8 22. Rc4 f5 23. Qg3 Kf7 24. h4 Rhg8 25. Re1 Bc8 26. Rec1 Ba7
27. h5 g5 28. hxg6+ Rxg6 29. Qh3 Bb7 30. Nh4 Rdg8 31. Nxg6 Rxg6 32. Bxh6
Kg8 33. g3 Qd7 34. Rh4 Ne7 35. Be2 Qd5 36. Be3 Qxe5 37. Bxa7 Qxe2 38. Rxb4
Bd5 39. Rb8+ Kf7 40. Bc5 Qf3 41. Rh8 Ng8 42. Bd4 Ke8 43. Be5 f4 44. Rc8+
Kd7 45. Qh7+ 1-0

[Event "28th WJun Girls"]
[Site "Chotowa POL"]
[Date "2010.08.16"]
[Round "13"]
[White "Warakomska,A"]
[Black "Severiukhina,Z"]
[Result "0-1"]
[WhiteElo "2192"]
[BlackElo "2341"]
[EventDate "2010.08.03"]

1. e4 d6 2. d4 Nf6 3. Nc3 g6 4. Be3 c6 5. Nf3 Qc7 6. h3 Nbd7 7. Bd3 b5 8.
O-O Bb7 9. Ne2 Bg7 10. Ng3 O-O 11. Re1 e5 12. Qd2 Rfe8 13. c3 Nb6 14. b3
Rad8 15. a4 bxa4 16. bxa4 d5 17. a5 Nbd7 18. Qc2 c5 19. exd5 Nxd5 20. dxc5
Nxc5 21. Bb5 Rf8 22. Bg5 Rc8 23. a6 Ba8 24. Nd2 Ne6 25. Be3 f5 26. Bc4 f4
27. Qb3 Rcd8 28. Rad1 fxe3 29. fxe3 Nc5 30. Qa2 Kh8 31. Nde4 Nxe4 32. Nxe4
Nb6 0-1

[Event "28th WJun Girls"]
[Site "Chotowa POL"]
[Date "2010.08.16"]
[Round "13"]
[White "Heredia Serrano,C"]
[Black "Ohme,M"]
[Result "0-1"]
[WhiteElo "2080"]
[BlackElo "2326"]
[EventDate "2010.08.03"]

1. d4 Nf6 2. Nf3 g6 3. Nc3 d5 4. Bf4 a6 5. Ne5 Bg7 6. Qd2 O-O 7. Bh6 Nbd7
8. Bxg7 Kxg7 9. e3 b5 10. Nc6 Qe8 11. a4 bxa4 12. Nxa4 Nb6 13. Nxb6 cxb6
14. Ne5 a5 15. Bd3 Ne4 16. Qe2 Nd6 17. O-O f6 18. Nf3 e5 19. dxe5 fxe5 20.
e4 Bg4 21. h3 Bxf3 22. gxf3 d4 23. c3 dxc3 24. bxc3 Qc8 25. Rfb1 Qxc3 26.
Rc1 Qd4 27. Rc7+ Rf7 28. Rxf7+ Kxf7 29. Rd1 Qc5 30. Qd2 Ra7 31. Bb1 Nb5 32.
Qh6 Ke8 33. Rd5 Qb4 34. Bd3 Nd4 35. Rxe5+ Re7 36. Rxe7+ Qxe7 37. Qf4 Qg5+
38. Qxg5 Nxf3+ 39. Kg2 Nxg5 40. f4 Ne6 41. Kf3 Nc5 42. Bb1 Ke7 43. Ke3 Kd6
44. h4 b5 45. e5+ Kc6 46. Kd4 Ne6+ 47. Ke4 b4 48. h5 a4 49. h6 b3 50. Kd3
a3 51. Kc3 a2 52. Be4+ Kc5 53. Kb2 Nd4 54. e6 Nc2 55. Kxb3 a1=Q 56. Bxc2
Qe1 57. f5 gxf5 58. Bxf5 Qe3+ 0-1

[Event "28th WJun Girls"]
[Site "Chotowa POL"]
[Date "2010.08.16"]
[Round "13"]
[White "Ziaziulkina,N"]
[Black "Jablonska,S"]
[Result "1/2-1/2"]
[WhiteElo "2293"]
[BlackElo "1876"]
[EventDate "2010.08.03"]

1. e4 c5 2. Nf3 d6 3. d4 cxd4 4. Nxd4 Nf6 5. Nc3 a6 6. Bg5 e6 7. f4 Nbd7 8.
Qe2 Be7 9. O-O-O Qc7 10. g4 b5 11. a3 Bb7 12. Bxf6 gxf6 13. f5 e5 14. Nb3
Nc5 15. Kb1 O-O-O 16. Nd5 Bxd5 17. Rxd5 Na4 18. Rd1 d5 19. Rxd5 Rxd5 20.
exd5 Bxa3 21. d6 Bxd6 22. c4 Kd7 23. cxb5 Rb8 24. Qe4 axb5 25. Qd5 Qc6 26.
Qxf7+ Be7 27. Bg2 Qd6 28. Bd5 Rf8 29. Qe6+ Qxe6 30. Bxe6+ Kc7 31. h4 h6 32.
Rg1 Nc5 33. Rc1 Kb6 34. Nxc5 Bxc5 35. Rd1 Bd4 36. Kc2 Ra8 37. Kb3 Ra7 38.
Rh1 Rg7 39. g5 hxg5 40. h5 g4 41. h6 Rh7 42. Bg8 Rh8 43. h7 g3 44. Bd5 Kc5
45. Bg2 Kd6 46. Rh3 Bf2 47. Rh6 Ke7 48. Bd5 Be3 49. Rg6 Bg5 50. Rg7+ Kd6
51. Be4 Kc5 52. Rd7 Be3 53. Rd5+ Kb6 54. Rd7 Kc5 55. Rd5+ Kb6 56. Rd7 Kc5
57. Rd5+ 1/2-1/2

[Event "28th WJun Girls"]
[Site "Chotowa POL"]
[Date "2010.08.16"]
[Round "13"]
[White "Semenova,E"]
[Black "Nemcova,Kat"]
[Result "0-1"]
[WhiteElo "2194"]
[BlackElo "2282"]
[EventDate "2010.08.03"]

1. e4 c5 2. Nf3 d6 3. d4 cxd4 4. Nxd4 Nf6 5. Nc3 a6 6. f4 Nbd7 7. a4 g6 8.
Be2 Bg7 9. O-O O-O 10. Be3 Qc7 11. a5 b5 12. Bf3 Bb7 13. Nd5 Qd8 14. Nxf6+
Nxf6 15. Qd3 Rc8 16. Nb3 Qc7 17. Rac1 Nd7 18. c3 Rfd8 19. Qe2 Qb8 20. Bd4
e5 21. fxe5 Nxe5 22. Nd2 Re8 23. Qd1 Qa8 24. Bxe5 Rxe5 25. Qb3 Qa7+ 26. Kh1
Qe3 27. Rcd1 Re7 28. Qb4 Be5 29. Rfe1 Qf4 30. g3 Qf6 31. Bg2 h5 32. Bh3
Rcc7 33. Rf1 Qg7 34. Bg2 h4 35. g4 Qh6 36. h3 Qe3 37. Rf3 Qh6 38. Rff1 Rc5
39. Qb3 Bf4 40. Qc2 g5 41. Nb3 Rce5 42. Nd4 Rxe4 43. Nf5 Qe6 44. Qd3 Rd7
45. Kg1 Re2 46. Rf2 Re5 47. Bxb7 Rxb7 48. Kg2 Rd7 49. Qf3 d5 50. Kf1 Rd8
51. Qd3 Re8 52. Qd4 Qc6 53. Kg2 Qc7 54. Rf3 f6 55. Rf2 Kf7 56. Nh6+ Kg6 57.
Nf5 Rd8 58. Qd3 Re4 59. Re2 Rde8 60. Rxe4 dxe4 61. Qd7 Rf8 62. Ne7+ Kf7 63.
Qf5 Kxe7 64. Qxe4+ Be5 0-1

[Event "28th WJun Girls"]
[Site "Chotowa POL"]
[Date "2010.08.16"]
[Round "13"]
[White "Olsarova,T"]
[Black "Saduakassova,D"]
[Result "0-1"]
[WhiteElo "2252"]
[BlackElo "2131"]
[EventDate "2010.08.03"]

1. e4 e5 2. Nf3 Nc6 3. Bb5 a6 4. Ba4 Nf6 5. d4 exd4 6. O-O Be7 7. e5 Ne4 8.
Nxd4 Nxd4 9. Qxd4 Nc5 10. Nc3 O-O 11. Bg5 Bxg5 12. Qxc5 Be7 13. Qe3 d5 14.
Rad1 c6 15. Kh1 Qa5 16. Bb3 Bf5 17. Ne2 Rad8 18. c3 Rfe8 19. Ng3 Be6 20. f4
Bg4 21. Rd2 Bc5 22. Qd3 Qb5 23. c4 dxc4 24. Qxd8 Rxd8 25. Rxd8+ Bf8 26. Bd1
h5 27. h3 Qb6 28. Ra8 Qe3 29. hxg4 Qxg3 30. gxh5 g6 31. hxg6 Kg7 32. gxf7
Qh4+ 0-1

[Event "28th WJun Girls"]
[Site "Chotowa POL"]
[Date "2010.08.16"]
[Round "13"]
[White "Lach,A"]
[Black "Iwanow,A"]
[Result "1-0"]
[WhiteElo "2179"]
[BlackElo "2097"]
[EventDate "2010.08.03"]

1. d4 Nf6 2. Nf3 g6 3. c4 Bg7 4. Nc3 O-O 5. Bf4 d6 6. h3 Nbd7 7. e3 c6 8.
Be2 Qe8 9. Bh2 b6 10. O-O Bb7 11. Rc1 e5 12. d5 c5 13. Nd2 Qe7 14. f4 exf4
15. exf4 Rae8 16. Bf3 a6 17. Bg3 Qd8 18. Qc2 Bc8 19. Bh4 Qc7 20. Be2 b5 21.
cxb5 axb5 22. Bxb5 Bb7 23. Bxf6 Bxf6 24. f5 Bd4+ 25. Kh2 Re5 26. Nc4 Bxc3
27. bxc3 Rxd5 28. Bxd7 Qxd7 29. Nb6 Qc6 30. Nxd5 Qxd5 31. Rce1 Ra8 32. c4
Qd4 33. fxg6 hxg6 34. Re7 1-0

[Event "28th WJun Girls"]
[Site "Chotowa POL"]
[Date "2010.08.16"]
[Round "13"]
[White "Exler,V"]
[Black "Nesterovskaya,A"]
[Result "0-1"]
[WhiteElo "2143"]
[BlackElo "2177"]
[EventDate "2010.08.03"]

1. d4 Nf6 2. Nf3 c5 3. e3 b6 4. b3 g6 5. Bb2 Bg7 6. Bd3 O-O 7. O-O Bb7 8.
Nbd2 d6 9. c4 e6 10. Qc2 Nc6 11. a3 Rc8 12. dxc5 bxc5 13. Rfd1 Qe7 14. Rab1
e5 15. Ne4 Ne8 16. Nc3 f5 17. Nd5 Qd7 18. e4 Nd4 19. Nxd4 cxd4 20. Qd2 Bxd5
21. exd5 e4 22. Bf1 d3 23. Bxg7 Qxg7 24. Qb2 Nf6 25. Qd4 g5 26. f3 g4 27.
fxe4 fxe4 28. g3 Rce8 29. Re1 Re5 30. Re3 Rf5 31. Bg2 Qf7 32. Ree1 Rf3 33.
Bxf3 gxf3 34. Rxe4 Nxe4 35. Qxe4 f2+ 36. Kf1 Qh5 37. h4 d2 38. g4 Qxh4 39.
Qg2 Qe7 40. Rd1 Qe1+ 0-1

[Event "28th WJun Girls"]
[Site "Chotowa POL"]
[Date "2010.08.16"]
[Round "13"]
[White "Butuc,M"]
[Black "Labedz,P"]
[Result "1-0"]
[WhiteElo "2220"]
[BlackElo "2076"]
[EventDate "2010.08.03"]

1. Nf3 d5 2. d4 c6 3. c4 Nf6 4. Qc2 dxc4 5. Qxc4 Bf5 6. g3 e6 7. Bg2 Nbd7
8. O-O Be7 9. Nc3 h6 10. Re1 Rc8 11. e4 Bh7 12. Qe2 O-O 13. a3 a5 14. Bf4
b5 15. e5 Ne8 16. Nd2 Nb6 17. Be3 Qd7 18. Rac1 Nc7 19. Be4 Ncd5 20. Bxh7+
Kxh7 21. Nce4 Rfd8 22. Nb3 Nc4 23. Nbc5 Qc7 24. a4 Qa7 25. b3 Ncxe3 26.
fxe3 Rb8 27. Rf1 Rf8 28. Rf3 Kg8 29. Rcf1 Bxc5 30. Nxc5 Qe7 31. Qd2 bxa4
32. bxa4 Rb4 33. Qf2 Nb6 34. Qc2 Nd5 35. Ne4 Rxa4 36. Qxa4 1-0

[Event "28th WJun Girls"]
[Site "Chotowa POL"]
[Date "2010.08.16"]
[Round "13"]
[White "Guadamuro Torrente,A"]
[Black "Rysbayeva,A"]
[Result "1/2-1/2"]
[WhiteElo "2137"]
[BlackElo "2209"]
[EventDate "2010.08.03"]

1. e4 c5 2. Nf3 d6 3. d4 cxd4 4. Nxd4 Nf6 5. Nc3 Nc6 6. f3 e6 7. Be3 Be7 8.
Qd2 O-O 9. O-O-O a6 10. g4 Nxd4 11. Bxd4 b5 12. a3 Bb7 13. Kb1 Nd7 14. Be2
Qc7 15. h4 Ne5 16. h5 Nc4 17. Bxc4 Qxc4 18. g5 e5 19. Be3 Rfc8 20. g6 Bf8
21. gxf7+ Kxf7 22. h6 g6 23. Rhf1 Kg8 24. Nd5 Bxd5 25. Qxd5+ Qxd5 26. Rxd5
Rc7 27. c3 Kf7 28. f4 Ke6 29. fxe5 dxe5 30. Kc2 Be7 31. Kd3 Rf8 32. Rxf8
Bxf8 33. a4 Rd7 34. axb5 axb5 35. Rxd7 Kxd7 36. c4 Kc6 37. cxb5+ Kxb5 38.
Bd2 Be7 39. Bc3 Bf6 40. b3 Bg5 41. Kc2 Bf6 42. Kd3 1/2-1/2

[Event "28th WJun Girls"]
[Site "Chotowa POL"]
[Date "2010.08.16"]
[Round "13"]
[White "Abdulla,K"]
[Black "Petrova,I"]
[Result "1-0"]
[WhiteElo "2193"]
[BlackElo "2014"]
[EventDate "2010.08.03"]

1. e4 c5 2. Nf3 d6 3. d4 cxd4 4. Nxd4 Nf6 5. Nc3 g6 6. Be3 Bg7 7. f3 Nc6 8.
Qd2 O-O 9. O-O-O Bd7 10. g4 Rc8 11. h4 h5 12. gxh5 Nxh5 13. Rg1 Ne5 14. Bh6
Qa5 15. Bxg7 Kxg7 16. f4 Nc4 17. Bxc4 Rxc4 18. Nb3 Qa6 19. f5 b5 20. Qg5 b4
21. Qxe7 bxc3 22. Rxg6+ Kh7 23. Rh6+ Kxh6 24. Qg5+ Kh7 25. Qxh5+ Kg7 26.
Qg5+ Kh7 27. Rg1 cxb2+ 28. Kb1 1-0

[Event "28th WJun Girls"]
[Site "Chotowa POL"]
[Date "2010.08.16"]
[Round "13"]
[White "Uta,Ad"]
[Black "Gosciniak,M"]
[Result "1-0"]
[WhiteElo "2099"]
[BlackElo "2149"]
[EventDate "2010.08.03"]

1. e4 e5 2. Nf3 Nc6 3. Bc4 Bc5 4. O-O Nf6 5. d3 d6 6. c3 O-O 7. Re1 a6 8.
d4 Ba7 9. h3 exd4 10. cxd4 d5 11. exd5 Nxd5 12. Bg5 Qd6 13. Bxd5 Qxd5 14.
Nc3 Qf5 15. d5 Nd4 16. Be7 Nxf3+ 17. Qxf3 Qxf3 18. gxf3 Re8 19. Bd6 Bxh3
20. Bxc7 f6 21. Ne4 b5 22. b4 h5 23. d6 Bd7 24. Red1 Re5 25. Rac1 Rae8 26.
Nc5 Rg5+ 27. Kh2 Bxc5 28. bxc5 Re2 29. Rf1 Bc6 30. Bb6 Rxa2 31. Ra1 Ra4 32.
Rxa4 bxa4 33. Rd1 Bd7 34. f4 Rg4 35. Re1 a3 36. Ra1 Rxf4 37. Rxa3 Rxf2+ 38.
Kg3 Rc2 39. Rxa6 Kf7 40. Ra3 Re2 41. Ra7 Ke6 42. c6 h4+ 43. Kf3 Bxc6+ 44.
Kxe2 h3 45. Bg1 Kxd6 46. Rxg7 Bg2 47. Bh2+ Ke6 48. Ke3 Kf5 49. Rg3 Ke6 50.
Kf4 1-0

[Event "28th WJun Girls"]
[Site "Chotowa POL"]
[Date "2010.08.16"]
[Round "13"]
[White "Kasperek,J"]
[Black "Tsirulnik,Mari"]
[Result "1/2-1/2"]
[WhiteElo "2001"]
[BlackElo "2153"]
[EventDate "2010.08.03"]

1. e4 c5 2. Nf3 e6 3. d4 cxd4 4. Nxd4 Nc6 5. Be3 Nf6 6. Bd3 d6 7. O-O Be7
8. c4 O-O 9. Nc3 Bd7 10. Rc1 Rc8 11. b3 a6 12. Kh1 Qa5 13. f4 Rfd8 14. Qe2
Qh5 15. Qxh5 Nxh5 16. Nf3 Be8 17. g3 g6 18. Kg2 f5 19. Rfd1 Nf6 20. Bb6 Rd7
21. Ng5 fxe4 22. Bxe4 Nxe4 23. Ncxe4 e5 24. Rd2 h6 25. Nf3 Kf7 26. Rcd1 Ke6
27. a3 Nd8 28. Rd5 Nc6 29. b4 Bf8 30. b5 axb5 31. cxb5 Nd4 32. Nxd4+ exd4
33. R1xd4 Rc2+ 34. Rd2 Rxd2+ 35. Rxd2 d5 36. Nc5+ Bxc5 37. Bxc5 b6 38. Re2+
Kf7 39. Bxb6 Rb7 40. Bc5 Bxb5 41. Rd2 1/2-1/2

[Event "28th WJun Girls"]
[Site "Chotowa POL"]
[Date "2010.08.16"]
[Round "13"]
[White "Ursente,M"]
[Black "Baciu,D"]
[Result "0-1"]
[WhiteElo "1978"]
[BlackElo "2127"]
[EventDate "2010.08.03"]

1. d4 d5 2. c4 c6 3. Nc3 Nf6 4. Bg5 dxc4 5. a4 Nd5 6. e4 Nxc3 7. bxc3 b5 8.
d5 Bb7 9. dxc6 Qxd1+ 10. Rxd1 Bxc6 11. axb5 Bxb5 12. Nf3 Nd7 13. Be3 a6 14.
Nd4 e6 15. Be2 Bc5 16. O-O Bxd4 17. Rxd4 Nb6 18. Rb1 O-O 19. Rb4 Rac8 20.
f4 Rfe8 21. Kf2 e5 22. fxe5 Rxe5 23. Bf4 Ree8 24. Bg4 Ra8 25. Be2 h6 26.
Bc7 Na4 27. Bxc4 Nxc3 28. Bxb5 axb5 29. e5 Rec8 30. Bd6 Ra2+ 31. Kf3 Ne2
32. Rd3 Ng1+ 33. Ke3 Rxg2 34. Rxb5 Rxh2 35. Bc5 Rh3+ 36. Ke4 Rxd3 37. Kxd3
Nf3 38. Ke4 Ng5+ 39. Kd5 Ne6 40. Ra5 Rxc5+ 41. Kd6 0-1

[Event "28th WJun Girls"]
[Site "Chotowa POL"]
[Date "2010.08.16"]
[Round "13"]
[White "Newrkla,K"]
[Black "Khanamiryan,A"]
[Result "1-0"]
[WhiteElo "2105"]
[BlackElo "2014"]
[EventDate "2010.08.03"]

1. e4 d5 2. exd5 Qxd5 3. Nc3 Qa5 4. d4 Nf6 5. Bc4 Bf5 6. Nf3 e6 7. Bd2 c6
8. Qe2 Qc7 9. Ne5 Bd6 10. Bb3 O-O 11. f3 h5 12. O-O-O b5 13. g4 hxg4 14.
fxg4 Bh7 15. g5 Bxe5 16. dxe5 Nd5 17. Nxd5 cxd5 18. Bb4 Rc8 19. Bd6 Qc6 20.
Rhg1 b4 21. g6 Bxg6 22. Rxg6 fxg6 23. Qg4 Qe8 24. Rxd5 Na6 25. Rd3 Nc7 26.
Bxc7 Rxc7 27. Bxe6+ Kf8 28. Rf3+ Ke7 29. Qxb4+ 1-0

[Event "28th WJun Girls"]
[Site "Chotowa POL"]
[Date "2010.08.16"]
[Round "13"]
[White "Rysbayeva,N"]
[Black "Edes,Z"]
[Result "1/2-1/2"]
[WhiteElo "2052"]
[BlackElo "2097"]
[EventDate "2010.08.03"]

1. d4 d5 2. c4 e6 3. Nc3 Nf6 4. Bg5 Nbd7 5. Nf3 c6 6. cxd5 exd5 7. e3 Be7
8. Bd3 O-O 9. Qc2 Re8 10. O-O Nf8 11. Rae1 g6 12. Ne5 Ne6 13. Bh4 Ng7 14.
f3 Be6 15. Bf2 c5 16. Bb5 Rf8 17. dxc5 Bxc5 18. Rd1 Qb6 19. Qe2 a6 20. Ba4
Qc7 21. f4 b5 22. Bb3 Qb7 23. Bh4 Nge8 24. Kh1 b4 25. Nb1 Qa7 26. Rfe1 a5
27. a4 Qb7 28. Nd2 Ra6 29. Ndf3 h6 30. Nd4 Rd6 31. Nb5 Rd8 32. Qc2 Bd6 33.
Qe2 Bc5 34. Rc1 Bb6 35. Rcd1 Bc5 36. Qc2 Bb6 37. Qe2 1/2-1/2